00718nam a22002537a 450000500170000001000350001702000260005203500140007803500130009203500170010503700150012203700230013703700130016008200110017310000180018424500440020225000250024626000440027127000500031530000270036550000200039265000260041265000260043820181006122023.0 a1718EN-30 ENG-121412 B-709304 c750.00a9789325982291 aEN-104944 aB-709304 aB-686374-382 bAsianadpl bL/RP/RK BooksaDpl bDBAD/PUB a658.15 aPandey, I. M. aFinancial management /cby I. M. Pandey a11th ed 2018(repr) aNew DelhibVikas Publishing Housec2017 bNew Delhie110002a5, Ansari Road, Darya Ganj axxiv,921p. c27cm(pbk) aIncludes index  aManagerial accounting aSaving and investment